J. Cole Collaborations - Sudden Death - Statistics

General Stats
  • This quiz has been taken 351 times
  • The average score is 4 of 16
Answers on the Grid
Answers color-coded by a green-red scale on the quiz's grid according to % correct below.
Pusha T
Michael Jackson
Cardi B
Rick Ross
Young Jeezy
Drake
Nas
Central Cee
P. Diddy
Zayn Malik
Eminem
Radiohead
Gunna
JPEGMafia
Kendrick Lamar
Justin Timberlake
Janet Jackson
XXXTentacion
Brent Faiyaz
DaBaby
Jessie J
Tyler, the Creator
Beyonce
Maroon 5
Jhene Aiko
Anderson .Paak
SZA
James Flauntleroy
Chris Brown
Bryson Tiller
Lauryn Hill
Travis Scott
 
Answer Stats
Answer % Correct
Drake
74%
Kendrick Lamar
53%
Pusha T
42%
Central Cee
36%
Travis Scott
36%
DaBaby
35%
Nas
35%
Jhene Aiko
20%
Young Jeezy
20%
Anderson .Paak
16%
James Flauntleroy
12%
Janet Jackson
11%
Beyonce
10%
Chris Brown
9%
Justin Timberlake
9%
Maroon 5
3%
No matching quizzes found
Score Distribution
Percent of People with Each Score
Percentile by Number Answered
Your Score History
You have not taken this quiz